1441 1887 1860 1557 1613 1417 1882 1375 1498 1257 1183 1605 1501 1362 1444 1518 1113 1940 1925 1781 1236 1204 1785 1102 1413 1355 1489 1265 1291 1757 1850 1620 1679 1937 1056 1141 1914 1411 1924 1981 1874 1933 1295 1353 1824 1322 1384 1636 1502 1666 1289 1852 1151 1902 1777 1412 1217 1013 1541 1099 1477 1038 1364 1924 1247 1424 1397 1740 1539 1624 1523 1968 1380 1253 1348 1286 1775 1687 2000 1004 1200 1784 1705 1145 1165 1560 1806 1429 1509 1106 1036 1683 1718 1950 1982 1965 1382 1779 1272 BCNSPRNW ULIB Ver.6.0+V

เปลี่ยนเป็นภาษาไทย

Change to English
 แสดงรายละเอียดบรรณานุกรม
  กลับหน้าหลัก

Brief Record : Get Marc (ISO 2709) : E-mail record : QR code < ปิดหน้าต่าง
LEADER : 00000nam 2200000uu 4500
001    13399123300
003     ULIB
008    140815s2556||||th 000 0 tha d
099    วจ.WK810^bอ549ผ
100 0  อัปสร จรูญศักดิ์ชัย และเพียรพร ยูงทอง
245 00 ผลของโปรแกรมการปรับเปลี่ยนพฤติกรรมสุขภาพในผู้ป่วยเบาหวานชนิดที่ 2 ของศูนย์ชีวนันท์/^cอัปสร จรูญศักดิ์ชัย และเพียรพร ยูงทอง
260    นครสวรรค์:^bโรงพยาบาลสวรรค์ประชารักษ์,^c2556
300    91 หน้า
650  0 โรคเบาหวาน^xวิจัย
700 0  พียรพร ยูงทอง^eผู้ร่วมวิจัย
945    ^p0^l0^i034608
999    ^aเกษร โพธิ์สุวรรณ
รายการนี้ยังไม่มีแท็ก
คุณยังไม่ได้ล็อกอิน คุณสามารถมีกิจกรรมร่วมกับเว็บไซต์ได้ แต่ต้องล็อกอินก่อน ::
  ล็อกอิน

รายการสื่อสารสนเทศ

ลำดับที่ ประเภท เลขเรียก/บาร์โค้ด สถานที่ สถานะ
1. งานวิจัย
งานวิจัย
วจ.WK810 อ549ผ ฉ.1 
  Barcode: 034608
ห้องสมุดวิทยาเขตสวรรค์ประชารักษ์
►วิจัย
บนชั้น

BibComment


ยังไม่เคยถูกคอมเมนท์

คอมเมนท์ทรัพยากรรายการนี้
  คอมเมนท์: ผลของโปรแกรมการปร..


 Copyright 2026. Bcnsprnw @Library